000 00637nam a2200253Ia 4500
003 OSt
005 20221005123523.0
006 a|||||r|||| 00| 0
007 ta
008 221004b |||||||| |||| 00| 0 guj d
024 _a46001
037 _cTextual
040 _aCRL
_cCRL
_bguj
041 _2guj
_aguj
082 _aO156,3N22,17, K0.1
100 _aMadiya C Au.
_9633781
245 0 _aLiludi dharati
260 _c1960
300 _a319p.
_ccm.
650 _a GUJRATI LITERATURE
650 _aGUJRATI FICTION
942 _hO156,3N22,17, K0.1
_cTEXL
_2cc
999 _c1047675
_d1047675